Music Quiz

Random Music or Song Quiz

Justin Timberlake's Famous First Verses Quiz Stats

 Plays Quiz Updated Apr 28, 2017

Support Sporcle.
Go Orange.
Score 0/209 Timer 08:00
0 Plays Today
Song Answer % Correct
Cry Me a RiverI
97.1%
Cry Me a RiverI
97.1%
MirrorsI
97.1%
SexyBackI
97.1%
What Goes Around… Comes AroundI
97.1%
What Goes Around… Comes AroundI
97.1%
What Goes Around… Comes AroundI
97.1%
What Goes Around… Comes AroundI
97.1%
Can't Stop the Feeling!I
96.9%
Can't Stop the Feeling!I
96.9%
Cry Me a Rivera
94.8%
Mirrorsa
94.8%
What Goes Around… Comes Arounda
94.8%
Cry Me a Riverthe
89.4%
Mirrorsthe
89.4%
Mirrorsthe
89.4%
SexyBackthe
89.4%
What Goes Around… Comes Aroundthe
89.4%
What Goes Around… Comes Aroundthe
89.4%
What Goes Around… Comes Aroundthe
89.4%
Cry Me a RiverYou
89.3%
Cry Me a Riveryou
89.3%
Cry Me a Riveryou
89.3%
Cry Me a Riveryou,
89.3%
Cry Me a Riveryou
89.3%
Cry Me a Riveryou
89.3%
Mirrorsyou
89.3%
Mirrorsyou
89.3%
Mirrorsyou
89.3%
What Goes Around… Comes Aroundyou
89.3%
What Goes Around… Comes AroundYou
89.3%
What Goes Around… Comes Aroundyou
89.3%
What Goes Around… Comes AroundYou
89.3%
What Goes Around… Comes Aroundyou
89.3%
What Goes Around… Comes Aroundyou
89.3%
Mirrorsto
86.7%
Mirrorsto
86.7%
SexyBackto
86.7%
What Goes Around… Comes Aroundto
86.7%
SexyBackback.
84.5%
SexyBackback?
84.5%
SexyBacksexy
84.2%
MirrorsI'm
83.5%
SexyBackI'm
83.5%
Cry Me a Rivermy
82.1%
Cry Me a Rivermy
82.1%
Can't Stop the Feeling!my
81.7%
Can't Stop the Feeling!my
81.7%
Can't Stop the Feeling!my
81.7%
Cry Me a Riverknow
81.6%
Mirrorsknow
81.6%
SexyBackknow
81.6%
What Goes Around… Comes Aroundknow
81.6%
Can't Stop the Feeling!in
81.4%
Mirrorsin
81%
What Goes Around… Comes Aroundin
81%
What Goes Around… Comes Aroundin
81%
SexyBackbringing
80.2%
Can't Stop the Feeling!It
79.6%
Can't Stop the Feeling!it
79.6%
What Goes Around… Comes Aroundit
79.4%
SexyBackdon't
78.1%
SexyBackhow
76.3%
Mirrorsme
74.4%
What Goes Around… Comes Aroundme
74.4%
What Goes Around… Comes Aroundme
74.4%
What Goes Around… Comes Aroundme
74.4%
Can't Stop the Feeling!we
73.8%
Mirrorsand
73.1%
Mirrorsand
73.1%
Song Answer % Correct
SexyBackand
73.1%
What Goes Around… Comes Aroundand
73.1%
What Goes Around… Comes Aroundand
73.1%
Cry Me a Riverother
71.8%
Mirrorsother
71.8%
SexyBackother
71.8%
Can't Stop the Feeling!this
71.5%
Mirrorsfeel
71.2%
Mirrorsthis
70.9%
Mirrorson
70.8%
SexyBackact.
70.8%
Cry Me a RiverSo
70.7%
SexyBackSo
70.7%
What Goes Around… Comes Aroundso
70.7%
Can't Stop the Feeling!on.
70.5%
What Goes Around… Comes Aroundlove
69.9%
Cry Me a Riverno.
69.3%
Cry Me a Riverno.
69.3%
Can't Stop the Feeling!feeling
69.1%
Cry Me a Riverall
68.6%
Mirrorsyour
68.3%
SexyBackyour
68.3%
What Goes Around… Comes Aroundyour
68.3%
What Goes Around… Comes Aroundyour
68.3%
Can't Stop the Feeling!All
68.1%
Can't Stop the Feeling!all
68.1%
Can't Stop the Feeling!no
67.8%
Can't Stop the Feeling!got
67.8%
Cry Me a Riverwere
67.1%
Cry Me a Riverwere
67.1%
What Goes Around… Comes Aroundhe
67.1%
Can't Stop the Feeling!we're
65.5%
Can't Stop the Feeling!when
64.2%
Can't Stop the Feeling!when
64.2%
Mirrorscan't
62.7%
What Goes Around… Comes Aroundcan't
62.7%
Cry Me a Riverthat
61.9%
Mirrorsthat
61.9%
Can't Stop the Feeling!goes
61.7%
Cry Me a Riverbut
60.3%
Cry Me a Riverbut
60.3%
Mirrorsbut
60.3%
What Goes Around… Comes Aroundbut
60.3%
SexyBackThem
59.6%
Can't Stop the Feeling!turn
59.3%
SexyBackturn
59%
Can't Stop the Feeling!bones.
57.4%
Mirrorsis
56.6%
What Goes Around… Comes Aroundis
56.6%
Mirrorsof
56%
What Goes Around… Comes Aroundof
56%
Can't Stop the Feeling!inside
55.6%
Cry Me a Riversun,
54.6%
Mirrorsmirror,
53.8%
SexyBackboys
53.7%
Cry Me a Riverthink
53.6%
SexyBackthink
53.6%
Can't Stop the Feeling!electric,
53.2%
What Goes Around… Comes Aroundbabe,
52.8%
SexyBackaround
52.1%
Cry Me a Rivercome
51.8%
SexyBackup
51.7%
Mirrorslike
50.9%
Can't Stop the Feeling!up,
50.9%
Cry Me a Riverdidn't
50.6%
Cry Me a Riverdidn't
50.6%
SexyBackit's
48.9%
Mirrorsjust
48.4%
What Goes Around… Comes Aroundjust
48.4%
Cry Me a Riverloved
48.3%
Song Answer % Correct
Mirrorsever
47.3%
What Goes Around… Comes Aroundgirl,
47%
Cry Me a Riverearth,
45.8%
Cry Me a Riverwould
45.6%
Cry Me a Riverdown,
45.6%
Cry Me a Rivertook
44.2%
Can't Stop the Feeling!through
44.2%
Can't Stop the Feeling!through
44.2%
Cry Me a Riverways
43.7%
MirrorsIf
43.6%
Mirrorsheart
43.1%
Cry Me a Rivermade
42.8%
Cry Me a Riverchance,
41.8%
Cry Me a Riverthey
41.3%
Can't Stop the Feeling!city,
40.6%
Cry Me a Riverplans,
40.6%
SexyBackI'll
39.5%
SexyBackbehind
39.5%
Can't Stop the Feeling!zone.
39.4%
Mirrorssomethin'
38.9%
Mirrorssomethin'
38.9%
What Goes Around… Comes Aroundwas
38.8%
What Goes Around… Comes Aroundwas
38.8%
What Goes Around… Comes Aroundworld.
38.8%
What Goes Around… Comes Aroundwhy
38.5%
Cry Me a Riverbet
38.5%
What Goes Around… Comes AroundHey
38.4%
Can't Stop the Feeling!home,
38.3%
What Goes Around… Comes Aroundhad
38.2%
Cry Me a Rivercrashing
38.2%
What Goes Around… Comes Aroundman?
36.9%
Mirrorsmine.
36.9%
Mirrorsside.
36.6%
Mirrors'Cause
36.2%
What Goes Around… Comes Aroundeverything
36.1%
What Goes Around… Comes Aroundhand,
35.6%
SexyBackwhat's
35.6%
What Goes Around… Comes Aroundgave
35.5%
Can't Stop the Feeling!our
34.5%
SexyBackslack.
34.3%
What Goes Around… Comes Aroundwanted
34.1%
SexyBackpick
33.9%
What Goes Around… Comes Aroundpalm
32.6%
SexyBackspecial,
31.8%
Mirrorshelp
31.6%
MirrorsAren't
31.2%
Mirrorsreflect
31%
Mirrorsadmire?
30.5%
Mirrorsshine
30%
Mirrorsalone
28.8%
What Goes Around… Comes AroundThought
28.5%
What Goes Around… Comes Aroundguess
28.4%
What Goes Around… Comes Aroundaway
28.1%
Mirrorsalways
28.1%
What Goes Around… Comes Aroundwent
27.6%
Mirrorsnotice
27.6%
What Goes Around… Comes Aroundseem
27.5%
What Goes Around… Comes Aroundwrong.
27.3%
Mirrorsfind,
26.7%
What Goes Around… Comes Aroundunderstand.
26.1%
Can't Stop the Feeling!flying
26%
What Goes Around… Comes Aroundend,
25.3%
What Goes Around… Comes Arounduntil
24%
Mirrorshard
23.8%
Can't Stop the Feeling!ceiling,
23.1%
Mirrorsmakes
22.8%
Can't Stop the Feeling!wavy
19.4%
Mirrorsglare
17.2%
Mirrorsparallel
15.8%

You're not logged in!

Compare scores with friends on all Sporcle quizzes.
OR
Log In
Forgot?

From the Vault

Criteria 'Q' Cities

by BoggelTeam

You could say that we put all these cities into a queue. Which is just the letter "Q" with 4 silent letters.
Remove Ads.
Support Sporcle.
Get the best of Sporcle when you Go Orange. This ad-free experience offers more features, more stats, and more fun while also helping to support Sporcle. Thank you for becoming a member.

Show Comments

Extras

Top Quizzes Today


Score Distribution

Your Account Isn't Verified!

In order to create a playlist on Sporcle, you need to verify the email address you used during registration. Go to your Sporcle Settings to finish the process.

Report this User

Report this user for behavior that violates our Community Guidelines.

Details: